| 000 | 01089nam a2200241Ia 4500 | ||
|---|---|---|---|
| 001 | 227.8-Ts ROS pi (2135) | ||
| 003 | IT-MiSPE | ||
| 008 | 171229s9999||||xx |||||||||||||| ||und|| | ||
| 040 |
_aIT-MiSPE _cIT-MiSPE |
||
| 041 | _aITALIANO | ||
| 100 | _aPiero Rossano | ||
| 245 | 0 |
_aMeditazioni su s. Paolo _b1-2 Tessalonicesi; 1-2 Corinzi |
|
| 250 | _a1a ed. (v) | ||
| 260 |
_aCinisello B.mo _bEd. Paoline _c1966 |
||
| 300 |
_a655 p. _c19 cm |
||
| 490 |
_aLa Parola del Signore _v21 |
||
| 501 | _aEdizioni San Paolo srl - Piazza Soncino, 5 - 20092 CINISELLO BALSAMO (MI) (non commercial uses only) ® Copyright 2018 | ||
| 520 | _aTav. | ||
| 650 | _aBIBBIA. NT. Lettere ai Tessalonicesi BIBBIA. NT. Lettere ai Corinzi | ||
| 942 | _cBK | ||
| 957 | _71 | ||
| 999 |
_a8239 _bNO _g Copie: 1 _c339415 _d339415 |
||